Statistics for Top Non-Official World Languages

Click here to take the quiz!

General Stats

  • This quiz has been taken 3,335 times
    (3,100 since last reset)
  • The average score is 9 of 27

Answer Stats

# SpeakersLanguage% Correct
73.1 milCantonese
85%
81.4 milWu
74%
125 milPunjabi
66%
56.4 milGujarati
55%
83.1 milMarathi
52%
82.0 milTelugu
48%
27.0 milIgbo
44%
50.1 milMin Nan
44%
68.3 milJavanese
42%
43.6 milKannada
41%
37.8 milYoruba
40%
37.1 milMalayalam
38%
43.9 milHausa
33%
48.2 milHakka
32%
32.4 milSundanese
27%
24.6 milSindhi
25%
34.5 milOriya
24%
15.3 milAssamese
23%
15.9 milCebuano
21%
37.3 milXiang
20%
22.1 milGan
16%
46.9 milJin
16%
33.9 milMaithili
16%
52.2 milBhojpuri
15%
20.7 milMagahi
6%
16.3 milChhattisgarhi
5%
20.0 milSaraiki
3%

Score Distribution

Percentile by Number Answered

Percent of People with Each Score

Your Score History

You have not taken this quiz since the last reset